000 00452nam a2200181Ia 4500
008 131103s9999 xx 000 0 und d
040 _aLoreto College
041 _aEnglish
082 _aF/HAG
_bLCBED/8538
100 _aHaggard, H. Rider
245 _aShe
_cH. Rider Haggard
260 _aDelhi
_bRupa
_c1981
300 _a319p.
_c 18cm
504 _aIncludes bibliography
650 _aEnglish fiction.
850 _aLCBED/F/HAG
942 _cBK
999 _c32704
_d83183